LEADER 01543nam--2200433---450- 001 990003476640203316 005 20101210110821.0 010 $a88-503-2475-8 035 $a000347664 035 $aUSA01000347664 035 $a(ALEPH)000347664USA01 035 $a000347664 100 $a20101210d20042006km-y0itay50------ba 101 $aita 102 $aIT 105 $a||||||||001yy 200 1 $aAnalisi statistica con Excel$fMichael R. Middleton 205 $a[3. ed.] 210 $aMilano$cApogeo$dc. 2004 [stampa 2006] 215 $aIX, 262 p.$cill.$d24 cm 300 $aInclude bibl. ed indice analit. 300 $aTrad. di Carmelo Giarratana e Marco Giarratana 300 $aIn cop.: Scoprire le funzionalitą statistiche del foglio elettronico Excel. Realizzare analisi dei dati, grafici, test statistici e simulazioni. Nel booksite abbinato a questo libro www.apogeo.com/libri/88-503-2475-8/scheda i file Excel utilizzati negli esempi 410 0$12001 454 1$12001$aData analysis using Microsoft Excel, third edition$936357 461 1$1001-------$12001 606 0 $aStatistica$xMetodi matematici 606 0 $aProgrammi per microelaboratori 676 $a519.502 676 $a005.3 700 1$aMIDDLETON,$bMichael R.$0271227 801 0$aIT$bsalbc$gISBD 912 $a990003476640203316 951 $aP07 1005$bDISTRA 959 $aBK 969 $aDISTRA 979 $aDISTRA2$b90$c20101210$lUSA01$h1108 996 $aData analysis using Microsoft Excel, third edition$936357 997 $aUNISA LEADER 00932nam0-2200325---450 001 990008187850403321 005 20190724091001.0 010 $a0-444-51478-3 035 $a000818785 035 $aFED01000818785 035 $a(Aleph)000818785FED01 035 $a000818785 100 $a20050916d2003----km-y0itay50------ba 101 0 $aeng 102 $aNL 105 $a--------001y- 200 1 $aIce age southern Andes$ea chronicle of paleological events$fCalvin J. Heusser 210 $aAmsterdam$cElsevier$dc2003 215 $aXVI, 240 p.$d30 cm 225 1 $aDevelopments in quaternary science$v3 610 0 $aPaleoecologia botanica 676 $a561.1$v20$zita 700 1$aHeusser,$bCalvin J.$0288378 801 0$aIT$bUNINA$gRICA$2UNIMARC 901 $aBK 912 $a990008187850403321 952 $a60 561 HEUC 2003$b10097$fFAGBC 959 $aFAGBC 996 $aIce age southern Andes$9734918 997 $aUNINA